MARC

LEADER 00000nam0a2200000 4500
001 136036
005 20231101220607.0
010 |a 5020081302 
035 |a (RuTPU)RU\TPU\book\147427 
090 |a 136036 
100 |a 20080417d1991 m y0rusy50 ca 
101 0 |a rus 
102 |a RU 
105 |a y z 001zy 
200 1 |a Традиции и революции в истории науки  |e сборник статей  |f Академия наук СССР (АН СССР), Институт философии (ИФ) 
210 |a Москва  |c Наука  |d 1991 
215 |a 264 с. 
320 |a Библиография в конце статей 
606 1 |a Наука  |x История  |2 stltpush  |3 (RuTPU)RU\TPU\subj\45075  |9 64337 
606 1 |a Наука  |x Философские проблемы  |2 stltpush  |3 (RuTPU)RU\TPU\subj\72382  |9 85931 
610 1 |a традиции 
610 1 |a революции 
610 1 |a история 
610 1 |a наука 
610 1 |a сборники 
686 |a Ч213  |v LBC/SL-A  |2 rubbk 
686 |a Ч210  |v LBC/SL-A  |2 rubbk 
712 0 2 |a Академия наук СССР (АН СССР)  |b Институт философии (ИФ)  |2 stltpush  |3 (RuTPU)RU\TPU\col\11338 
801 1 |a RU  |b 63413507  |c 20080417  |g PSBO 
801 2 |a RU  |b 63413507  |c 20190812  |g PSBO 
942 |c BK